00926nam a2200265Ia 4500003000700000005001700007008004100024020001500065040001800080041000800098082002100106100002500127245007300152250001200225260006000237300002400297650003400321650003600355650003800391650003300429700002900462942002600491999001900517952012400536OSt08520251006123357.0210716s9999 xx 000 0 und d a0850123976 cAIMIT LIBRARY aeng a005.75621bMAYA aMayne, Alan.9240999 aIntroducing relational database /cBy Alan Mayne and Michael B Wood. a1st ed. aNew Delhi :bPublications & Training Resources ,c1986. a188 p.;bPBc23 cm. aConcepts and features9241000 aSecurity and integrity9241001 aStructured query language9241002 aPersonal data system9241003 aWood, Michael B.9241004 2ddccBKk005.756 MAYA c182711d182711 001040708MCAaAIMITbAIMITd2021-07-16g75.00l0o005.756 MAYApMCA02219r2026-05-23 00:00:00v75.00w2021-07-16yBK